Historia de la isla de Menorca / (Record no. 163573)
[ view plain ]
| 000 -LEADER | |
|---|---|
| campo de control de longitud fija | 00717nam a2200193 i 4500 |
| 001 - NÚMERO DE CONTROL | |
| campo de control | 163573 |
| 003 - IDENTIFICADOR DE NÚMERO DE CONTROL | |
| campo de control | ES-MaACL |
| 005 - FECHA Y HORA DE LA ÚLTIMA TRANSACCIÓN | |
| campo de control | 20230906212752.0 |
| 008 - DATOS DE LONGITUD FIJA--INFORMACIÓN GENERAL | |
| campo de control de longitud fija | 050714m18851888sp | |||||||| ||spa d |
| 040 ## - FUENTE DE CATALOGACIÓN | |
| Centro catalogador/agencia de origen | CAM |
| Lengua de catalogación | spa |
| Centro/agencia transcriptor | CAM |
| 100 1# - ENTRADA PRINCIPAL--NOMBRE DE PERSONA | |
| Nombre de persona | Riudavets y Tudury, Pedro. |
| 9 (RLIN) | 131843 |
| 245 10 - MENCIÓN DEL TÍTULO | |
| Título | Historia de la isla de Menorca / |
| Mención de responsabilidad, etc. | por Pedro Riudavets y Tudury. |
| 260 ## - PUBLICACIÓN, DISTRIBUCIÓN, ETC. | |
| Lugar de publicación, distribución, etc. | Mahon : |
| Nombre del editor, distribuidor, etc. | [s.n.], |
| Fecha de publicación, distribución, etc. | 1885-1888 ( |
| Fabricante | Imprenta de Bernardo Fabregues) |
| 300 ## - DESCRIPCIÓN FÍSICA | |
| Extensión | XIV, 2331 p. ; |
| Dimensiones | 22 cm. |
| 597 ## - NOTA DE DESCRIPCIÓN FÍSICA | |
| NOTA DE DESCRIPCIÓN FÍSICA | T.I, 1885 (XIV, 646 p.) - T.II, 1887 (pp. 647]-1953) - T.III, 1888 (pp. [1955]-2331) |
| 597 ## - NOTA DE DESCRIPCIÓN FÍSICA | |
| NOTA DE DESCRIPCIÓN FÍSICA | 1 t. en 3 v. |
| 651 #4 - PUNTO DE ACCESO ADICIONAL DE MATERIA--NOMBRE GEOGRÁFICO | |
| Nombre geográfico | Menorca- |
| Subdivisión general | Historia. |
| 9 (RLIN) | 137257 |
| 852 ## - LOCALIZACIÓN | |
| Ubicación | ES-MaACL |
| Número de control de estantería | G-782-84 |
| Nota libre | -- Enc. piel con hierros y cortes dorados |
| Estatus retirado | Estado de pérdida | Estado de daño | No para préstamo | Colección | Biblioteca de origen | Biblioteca actual | Ubicación en estantería | Fecha de adquisición | Total de préstamos | Signatura topográfica completa | Código de barras | Visto por última vez | Precio de reemplazo | Tipo de ítem Koha |
|---|---|---|---|---|---|---|---|---|---|---|---|---|---|---|
| Libros del s. XIX | Biblioteca del Ateneo de Madrid | Biblioteca del Ateneo de Madrid | Depósito 2 | 17/01/2008 | G-782-84 | 1171410 | 23/02/2023 | 23/02/2023 | Libro impreso antiguo |
